Disney Animated Movies: The Renaissance Era - Statistics

General Stats
  • This quiz has been taken 137 times
  • The average score is 8 of 10
Answer Stats
Year Film % Correct
1991 Beauty and the Beast
92%
1998 Mulan
92%
1989 The Little Mermaid
92%
1994 The Lion King
90%
1992 Aladdin
88%
1995 Pocahontas
84%
1997 Hercules
83%
1999 Tarzan
75%
1996 The Hunchback of Notre Dame
73%
1990 The Rescuers Down Under
60%
No matching quizzes found
Score Distribution
Percent of People with Each Score
Percentile by Number Answered
Your Score History
You have not taken this quiz